division de nombres entre 900 et 1000 - Statistiques

Statistiques générales
  • Ce quiz a été pris 52 fois
    42 depuis la dernière actualisation
  • Le résultat moyen est 31 sur 76
Statistiques - réponses
Hint Réponse % Correct
915 / 61 15
93%
912 / 76 12
87%
988 / 4 247
80%
928 / 29 32
80%
945 / 27 35
80%
935 / 5 187
73%
902 / 22 41
73%
992 / 4 248
67%
935 / 55 17
60%
936 / 4 234
60%
952 / 28 34
60%
966 / 14 69
60%
910 / 14 65
53%
912 / 8 114
47%
936 / 8 117
47%
996 / 4 249
47%
992 / 32 31
47%
972 / 27 36
47%
912 / 19 48
47%
928 / 8 116
40%
968 / 8 121
40%
992 / 8 124
40%
903 / 7 129
40%
931 / 7 133
40%
910 / 65 14
40%
912 / 6 152
40%
912 / 4 228
40%
944 / 4 236
40%
936 / 24 39
40%
924 / 22 42
40%
972 / 18 54
40%
944 / 16 59
40%
924 / 12 77
40%
996 / 12 83
40%
944 / 8 118
33%
945 / 7 135
33%
966 / 7 138
33%
918 / 6 153
33%
948 / 6 158
33%
996 / 6 166
33%
936 / 52 18
33%
945 / 5 189
33%
975 / 5 195
33%
928 / 4 232
33%
952 / 4 238
33%
972 / 4 243
33%
988 / 38 26
33%
936 / 26 36
33%
912 / 24 38
33%
975 / 25 39
33%
966 / 21 46
33%
918 / 17 54
33%
952 / 17 56
33%
928 / 16 58
33%
992 / 16 62
33%
960 / 15 64
33%
975 / 15 65
33%
975 / 13 75
33%
988 / 13 76
33%
936 / 12 78
33%
948 / 12 79
33%
972 / 12 81
33%
904 / 8 113
27%
952 / 7 136
27%
952 / 68 14
27%
930 / 6 155
27%
988 / 52 19
27%
903 / 43 21
27%
966 / 42 23
27%
948 / 4 237
27%
918 / 27 34
27%
968 / 22 44
27%
924 / 21 44
27%
918 / 18 51
27%
912 / 16 57
27%
936 / 13 72
27%
Aucun quiz correspondant
Distribution des résultats
% des personnes avec chaque résultat
Percentile par nombre de réponses
Votre historique - résultats
Vous n’avez pas pris ce quiz depuis la dernière actualisation